000 00793nam a22002657a 4500
001 BR0501380
003 BR-BrBNA
005 20230928101838.0
007 ta
008 230509b bl.||||| |||| 00| 0 por d
040 _aBR-BrBNA
_bpor
_cBiblioteca Nacional de Agricultura
041 _a(Por)
072 _aP40; D50; F01
090 _ P40 BR0501380
110 1 _aMinistério da Agricultura e do Abastecimento, Brasília, DF (Brasil)
_96726
245 1 _aZoneamento agrícola: safra 99/2000; nordeste; culturas: algodão, arroz, feijão (BA), milho, soja
260 3 _aBrasília, DF (Brasil):
_c1999.
300 _avp.
650 _aZONEAMENTO AGRÍCOLA
650 _aSAFRA
650 _aLEGISLAÇÃO
650 _aNORDESTE
909 _a202309
_bLucia
_c55
_dLucia Elande
942 _cBK
999 _c67863
_d67863